| 000 | 00590nam a2200193Ia 4500 | ||
|---|---|---|---|
| 005 | 20250508162039.0 | ||
| 008 | 008 250505s9999 xx 000 0 eng d | ||
| 020 | _a0-85633-122-8 | ||
| 037 | _aTextual | ||
| 040 |
_aFEDL _beng _cFEDL |
||
| 041 |
_aeng _2eng |
||
| 084 |
_a372.216, WOO _qFEDL |
||
| 100 | _aWoodhead Martin Ed. | ||
| 245 | 0 | _aExperiment in nursery education : Report of the NFER pre-school project | |
| 260 |
_aEngland and Wales, UK _bNFER Publishing Company Ltd _c1976 |
||
| 300 | _a123p | ||
| 942 |
_cTEXL _h372.216, WOO |
||
| 999 |
_c1374052 _d1374052 |
||